Vista normal Vista MARC

Estilos de la investigación social : (Registro nro. 17232)

Detalles MARC
000 -Cabecera (24)
Campo de control interno 01211nam a22002654a 4500
001 - Número de control
Campo de control UTEA
005 - Fecha y hora de la
Campo de control 20250910123920.0
006 - Campos de control - información adicional
Campos de control g||||gr||||||01 nz
007 - Tipo material - Descripcion fisica - info general
Tipo material ta
008 - Códigos de longitud fija (40p)
Campo de control de longitud fija 250908b pe ||||| |||| 00| 0 spa d
020 ## - INTERNATIONAL STANDARD BOOK NUMBER
ISBN 9788415274841
040 ## - Origen de la Catalogacion
Centro catalogador/agencia de origen UTEA
041 ## - Código de idioma (R)
Código de lengua del texto/banda sonora o título independiente (R) spa
082 ## - Número de la Clasificación
Número de la Clasificación 370.15
Notación Interna B45 2011
100 ## - Autor Personal
Autor Personal Bergua Amores, José Ángel
Término indicativo de función (R) Autor
245 ## - Titulo
Titulo Estilos de la investigación social :
Subtitulo técnicas, epistemología, algo de anarquía y una pizca de sociosofía /
Mención del autor José Angel Bergua Amores
Medio físico [Texto Impreso]
250 ## - Mencion de edicion
Mencion de edicion 1ra. edición
260 ## - Editorial
Ciudad España
Nombre de la Editorial Editorial Prensas Universitarias de Zaragoza
Fecha 2011
300 ## - Descripcion
Páginas 240 páginas
Dimensiones 22 cm.
505 ## - Nota de contenido formateada
Nota de contenido formateada Índice del Libro] Introducción -- Ciencias y reflexividad -- Isomorfismos -- Perspectivas de la investigación social -- Tipos de reflexión teórica -- Frases de la investigación social -- Estilo de la investigación social -- Estilo estructural -- Estilo contextual -- Estilo dialéctico -- Más allá de la investigación social -- Exoducción.
650 ## - Temas - Descriptores
Temas - Descriptores REFLEXIVIDAD
9 (RLIN) 59222
650 ## - Temas - Descriptores
Temas - Descriptores ESTILO ESTRUCTURAL
9 (RLIN) 59223
650 ## - Temas - Descriptores
Temas - Descriptores ESTILO DIALÉCTICO
9 (RLIN) 59224
942 ## - Datos personalizados Koha
Esquema de Clasificacion Dewey Decimal Classification
Tipo de Documento Libros
Fecha procesamiento 2025-09-08
Catalogador Mag. Cecilio Flores Noa
Existencias
Estado de retiro Estado de pérdida Fuente de Clasificacion Estado No para préstamo Escuela Profesional/ Mención de Maestría Localización permanente Ubicación/localización actual Fecha de adquisición Fuente de adquisición Signatura topográfica completa Código de barras Precio válido a partir de Tipo de ítem Koha Ubicación en estantería
    Dewey Decimal Classification     E.P. Derecho Biblio. Andahuaylas UTEA Biblio. Andahuaylas UTEA 09/08/2025 Compra 370.15 B45 2011 BAND25090078 09/08/2025 Libros  
    Dewey Decimal Classification     E.P. Derecho Biblioteca Abancay UTEA Biblioteca Abancay UTEA 09/10/2025 Compra 370.15 B45 2011 BABA25090141 09/10/2025 Libros Área de Letras y Humanidades (primer Piso)
    Dewey Decimal Classification     E.P. Derecho Biblioteca Cusco UTEA Biblioteca Cusco UTEA 09/10/2025 Compra 370.15 B45 2011 BCUS25090161 09/10/2025 Libros Biblioteca Grau